| 000 | 00981nam a2200241Ia 4500 | ||
|---|---|---|---|
| 003 | OSt | ||
| 005 | 20200728171119.0 | ||
| 008 | 191128s2013 enk gr 000 0 eng d | ||
| 020 | _a9780857931016 | ||
| 040 |
_aCO-JMCR _cCO-JMCR |
||
| 041 | 0 | _aeng | |
| 082 | 0 | 4 |
_a332.072 / _bH348 _223 |
| 100 | 1 |
_aHashimzade, Nigar, _eeditor _98009 |
|
| 245 | 1 | 0 |
_aHandbook of research methods and applications in empirical macroeconomics / _ceditado por Nigar Hashimzade y Michael A. Thornton |
| 260 |
_aNorthampton : _bEdward Elgar, _c2013. |
||
| 300 |
_axii, 614 páginas ; _c24 cm. |
||
| 505 | 0 | _aProperties of macroeconomic data -- Models for macroeconomic data analysis -- Estimation and evaluation frameworks in macroeconomics -- Applications I: dynamic stochastic general equilibrium models | |
| 650 | 1 | 4 |
_aMacroeconomía _98010 |
| 650 | 2 | 4 |
_aModelos macroeconómicos _98011 |
| 650 | 2 | 4 |
_aAnálisis de datos _98012 |
| 700 | 1 |
_aThornton, Michael A., _eeditor _98013 |
|
| 942 |
_2ddc _cBK |
||
| 999 |
_c4787 _d4787 |
||